000 00605nam 22002053 4500
001 200256
010 _a972-26-0044-3
090 _a200256
100 _a20260129d u||y0pory50 ba
101 _apor
200 _aSomos Amigos... Mas...
_fMatal
_gTradução de M. Alice Moura Bessa
210 _a[S. L.]
_cLivraria Civilização
_d1980
215 _a[24] p. : il.
_cEncadernado
_d30 cm
225 _aCor de Rosa
_v2
606 _9235
_aLiteratura infantil
675 _a087.5/MAT/COM
_vPT
_zpor
700 _915071
_aMatal
801 _aPT
_bBMMN
_gRPC
830 _cCarlos Pinto
_d29-01-2026
_fCarlos Pinto
990 _cLIVROS